Countries by their former or alternate Names Quiz Stats

 Plays Quiz not verified by Sporcle

Score 0/18 Timer 08:00
0 Plays Today
Alternate or former name Modern Country % Correct
PersiaIran
98.7%
BurmaMyanmar
93.6%
MesopotamiaIraq
92.3%
GaulFrance
91%
HellasGreece
87.2%
RhodesiaZambia
80.8%
Dutch East IndiesIndonesia
80.8%
AbyssiniaEthiopia
78.2%
British HondurasBelize
75.6%
Alternate or former name Modern Country % Correct
FormosaTaiwan
67.9%
BohemiaCzech Republic
62.8%
HelvetiaSwitzerland
56.4%
AlbionUK
53.8%
French SudanMali
48.7%
Trucial CoastUAE
37.2%
New HollandAustralia
28.2%
Danish West IndiesUS Virgin Islands
20.5%
AlashiyaCyprus
12.8%

You're not logged in!

Compare scores with friends on all Sporcle quizzes.
OR
Log In

You Might Also Like...

Show Comments

Extras

Top Quizzes Today


Score Distribution

Your Account Isn't Verified!

In order to create a playlist on Sporcle, you need to verify the email address you used during registration. Go to your Sporcle Settings to finish the process.

Report this User

Report this user for behavior that violates our Community Guidelines.

Details: